000 00853nas a2200241 454500
001 32150
005 20260407193508.0
008 260407s1973####ag###########|||spa#d
003 AR-UNSa-BCEJYS
040 _aAR-UNSa-BCEJYS
_bspa
_cAR-UNSa-BCEJYS
080 _a311.3
_xOrganización general de las estadisticas. Estadística oficial
245 1 0 _aCosto de la construcción. Capital Federal
_pEstadística mensual
264 1 _aBuenos Aires :
_bINDEC
_c1973
310 _aFrecuencia: Mensual
041 _aspa
942 _cSER
590 _aniveau_biblio:s niveau_hierar:1
100 1 _aInstituto Nacional de Estadística y Censos (INDEC)
650 _aESTADISTICA
650 _aCostos de construcción
650 _aDatos estadísticos
856 4 1 _uhttps://biblioeco.unsa.edu.ar/pmb/images/libros/costocontru_indec.jpg
_yImagen de portada
_qimage/jpeg
999 _c8720
_d8720